000 00778 a2200229 4500
001 23694
005 20260407155523.0
008 260407a1986 arg spa d
003 AR-UNSa-BCEJYS
040 _aAR-UNSa-BCEJYS
_bspa
_cAR-UNSa-BCEJYS
080 _a658.012
_xMétodos (Management...)
245 1 0 _aLa innovación y el empresario innovador
_pla práctica y los principios
020 _a950-07-0341-6
264 1 _aBuenos Aires :
_bSudamericana
_c1986
300 _a306 p.
_c20 cm.
505 _a1. La práctica de la innovación - 2. La práctica del empresario innovador - 3. Las estrategia del empresario innovador
041 _aspa
942 _cBK
590 _aniveau_biblio:m niveau_hierar:0
100 1 _aDrucker, Peter Ferdinand
700 1 _aFord, Maricel
999 _c1119
_d1119